000 00926cam a2200289 i 4500
001 1336785
003 OSt
005 20230627111909.0
008 790613s1979 nyu b 001 0 eng
010 _a 79016384
020 _a0195200985 :
_c$12.50
020 _a0195200993 (pbk. ):
_c$4.95
040 _aDLC
_cDLC
_dDLC
043 _as-ck---
082 0 0 _a336.861
_bSEL
100 1 _aSelowsky, Marcelo.
245 1 0 _aWho benefits from government expenditure? :
_bA case study of Colombia /
_cMarcelo Selowsky.
260 _aNew York :
_bPublished for the World Bank [by] Oxford University Press,
_cc1979.
300 _axv, 186 p. ;
_c23 cm.
500 _aIncludes index.
504 _aBibliography: p. 180-181.
650 0 _aIncome distribution
_zColombia.
651 0 _aColombia
_xAppropriations and expenditures.
710 2 _aWorld Bank.
906 _a7
_bcbc
_corignew
_d1
_eocip
_f19
_gy-gencatlg
942 _2ddc
_cBK
999 _c2825
_d2825